• 首页
  • 本馆介绍
  • 公告通知
  • 最新文献
  • 馆藏检索
  • 电子资源
  • 读者导购
  • 参考咨询
  • 我的图书馆
  • 登录
  • 详细信息显示
  • 放入我的书架
  • 预约/预借图书
  • 作者相关作品
  • 分类相关作品
  • 丛书相关作品
  • 出版社相关作品

书目信息

  • 表格格式
  • 工作单格式
  • 卡片格式
题名:
时尚运动
    
 
作者: 刘学燕 著
分册:  
出版信息: 北京   人民体育出版社  2004
页数: 10,126页
开本: 20cm
丛书名:
单 册:
中图分类: G849.9
科图分类:
主题词: 球类运动--基本知识
电子资源:
ISBN: 7-5009-2510-7
000 00779nam0 2200253 45
001 002669925
005 20050411081852.2
010    @a7-5009-2510-7@dCNY9.00
100    @a20040624d2004 em y0chiy0110 ea
101 0  @achi
102    @aCN@b110000
105    @ay z 000yy
200 1  @a时尚运动@AShi Shang Yun Dong@e沙壶球@f刘学燕著@FLiu Xue Yan Zhu
210    @a北京@c人民体育出版社@d2004
215    @a10,126页@d20cm
300    @a第一本沙壶球全攻略宝典
330    @a本书以问答形式诙谐的文字详尽地介绍了沙壶球的各种桌型、各种记分区和记分规则,其各种不同的打法和技巧。
517    @a沙壶球@ASha Hu Qiu
606 0  @a球类运动@x基本知识
610 0  @a沙壶球
690    @aG849.9@v4
701  0 @a刘学燕@4著
801  0 @aCN@bNLC@c20040720
905    @f5@b347947-951@dG849.9@e198
    
    时尚运动:沙壶球/刘学燕著.-北京:人民体育出版社,2004
    10,126页;20cm
    第一本沙壶球全攻略宝典
    
    ISBN 7-5009-2510-7:CNY9.00
    本书以问答形式诙谐的文字详尽地介绍了沙壶球的各种桌型、各种记分区和记分规则,其各种不同的打法和技巧。
●
相关链接 在E读中查询图书 在五车中查询图书 在当当中查询图书 在豆瓣中查询图书


正题名:时尚运动     索取号:G849.9/198         预约/预借

序号 登录号 条形码 馆藏地/架位号 状态 备注
1 0347947   203479477   第一样本阅览室/ [索取号:G849.9/198] 在馆    
2 0347948   203479486   第四借阅区/ [索取号:G849.9/198] 在馆    
3 0347949   203479495   第四借阅区/ [索取号:G849.9/198] 在馆    
4 0347950   203479501   第四借阅区/ [索取号:G849.9/198] 在馆    
5 0347951   203479510   第四借阅区/ [索取号:G849.9/198] 在馆    
唐山师范学院图书馆 欢迎您!
大连网信软件有限公司© 版权所有